De colores : (Registro nro. 23321)
[ vista simple ]
| 000 -CABECERA | |
|---|---|
| campo de control de longitud fija | 00430nam a2200133 a 4500 |
| 001 - NÚMERO DE CONTROL | |
| campo de control | 000023825 |
| 005 - FECHA Y HORA DE LA ÚLTIMA TRANSACCIÓN | |
| campo de control | 20200930022508.0 |
| 008 - DATOS DE LONGITUD FIJA--INFORMACIÓN GENERAL | |
| campo de control de longitud fija | 110114s1988 dr 001 0 spa d |
| 040 ## - FUENTE DE LA CATALOGACIÓN | |
| Centro catalogador/agencia de origen | DO-SdBNP |
| Lengua de catalogación | spa |
| Centro/agencia transcriptor | BNPHU |
| 049 ## - FONDOS LOCALES (OCLC) | |
| Fondos de biblioteca | BNPD |
| 245 03 - MENCIÓN DE TÍTULO | |
| Título | De colores : |
| Resto del título | cantos del movimiento de cursillos de cristiandad. |
| 260 ## - PUBLICACIÓN, DISTRIBUCIÓN, ETC. | |
| Lugar de publicación, distribución, etc. | Santo Domingo : |
| Nombre del editor, distribuidor, etc. | Movimiento de Cursillos de Cristiandadddd, |
| Fecha de publicación, distribución, etc. | 1988. |
| Fabricante | Editora Taller |
| 300 ## - DESCRIPCIÓN FÍSICA | |
| Extensión | 107 p. ; |
| Dimensiones | 21 cm. |
| Estado de retiro | Estado de pérdida | No para préstamo | Código de colección | Localización permanente | Ubicación/localización actual | Ubicación en estantería | Fecha de adquisición | Número de inventario | Total de préstamos | Signatura topográfica completa | Código de barras | Fecha visto por última vez | Precio válido a partir de | Tipo de ítem Koha | Número de copia |
|---|---|---|---|---|---|---|---|---|---|---|---|---|---|---|---|
| Excluido de préstamo | Patrimonio Dominicano | Patrimonio Dominicano | Patrimonio Dominicano | En catalogación | 14.01.2011 | LF1 | 23825-10 | 25.06.2020 | 25.06.2020 | Libro y Folleto Colección Patrimonio Dominicano | |||||
| Excluido de préstamo | Patrimonio Dominicano | Patrimonio Dominicano | Patrimonio Dominicano | En catalogación | 14.01.2011 | LF1 | 23825-20 | 25.06.2020 | 25.06.2020 | Libro y Folleto Colección Patrimonio Dominicano | e. 2 |
